000 00359nam a2200145Ia 4500
008 221030s9999 xx 000 0 und d
041 _aEnglish
082 _a105.23
100 _aJacob Millman
245 0 _aElectronic Devices & Circuits
_cby Jacob Millman, Chaistos C. Halkis
260 _c0
650 _aB
700 _aChaistos C. Halkis
942 _cBK
999 _c13133
_d13133